000 00747nas a2200253 4500
001 BR9501834
003 BR-BrBNA
005 20231205093943.0
007 ta
008 230509b bl.|||p| |||| 00| 00por d
040 _aBR-BrBNA
_bpor
_cBiblioteca Nacional de Agricultura
041 _a(Pt)
072 _aL60
100 1 _aVieira, P.C.
100 1 _aHaimovici, M.
245 1 _aIdade e crescimento da pescada-olhuda Cynoscion striatus (Pisces, Sciaenidae)no sul do Brasil
650 _aPescada Olhuda
650 _aCrescimento
650 _aIdade
650 _aRio Grande do Sul
773 0 _tAtlantica (Brazil)
_xISSN 0102-1656
_g(1993), v. 15 p. 73-91
_wBR9501834
909 _a202311
_bLúcia
_c55
_dLúcia Elande
942 _2AGRIS
_n0
_cANA
999 _c141278
_d141278